000 00576nam a2200205Ia 4500
005 20250923144421.0
008 008 250917s9999 xx 000 0 eng d
037 _aTextual
040 _aDSWL
_beng
_cDSWL
041 _aeng
_2eng
084 _aY112:45:6, H8
_qDSWL
100 _aEllingston, John R
_9824688
245 0 _aProtecting our children from criminal careers
_cby John R Ellingston
260 _aNew York
_c1948
300 _a374 p.
365 _aINR
_b5
925 _g5
942 _cTEXL
_hY112:45:6, H8
999 _c1438577
_d1438577